000 00337 a2200157 4500
001 165885
020 _a
040 _cMagnum
100 _aFagundes, Helena de Castro
240 1 0 _aA bruxa e o principe
_lpor
245 1 0 _aA bruxa e o principe
362 0 _a1899
440 1 _aBagaço
697 _aI/BRUXA, MISTERIO
942 _cBK
999 _c165885
_d165885